Countries Which Ruled Egypt - Statistics

General Stats
  • This quiz has been taken 43 times
  • The average score is 7 of 17
Answer Stats
Answer % Correct
United Kingdom
97%
France
77%
Ottoman Empire
67%
Roman Empire
64%
Persian Empire
56%
Macedonia
51%
Abbasid Caliphate
41%
Abbasid Caliphate
41%
Umayyad Caliphate
41%
Mamluk Sultanate
38%
Fatimid Caliphate
31%
Ayyubid Caliphate
28%
Rashidun Caliphate
23%
Ptolemaic Dynasty
18%
Tulunid Caliphate
13%
Hyksos
5%
Ikhshidid Caliphate
5%
No matching quizzes found
Score Distribution
Percent of People with Each Score
Percentile by Number Answered
Your Score History
You have not taken this quiz